The Billion-Dollar Club List - Statistics

General Stats
  • This quiz has been taken 27 times
    24 since last reset
  • The average score is 34 of 53
Answer Stats
# $$$ Movie % Correct
1 $2.92B Avatar (2009)
100%
21 $1.28B Frozen (2013)
100%
13 $1.45B Frozen II (2019)
100%
2 $2.79B Avengers: Endgame (2019)
94%
6 $2.05B Avengers: Infinity War (2018)
94%
10 $1.52B The Avengers (2012)
94%
4 $2.26B Titanic (1997)
94%
3 $2.32B Avatar: The Way of Water (2022)
89%
7 $1.92B Spider-Man: No Way Home (2021)
89%
17 $1.34B Black Panther (2018)
83%
32 $1.13B Captain Marvel (2019)
83%
25 $1.21B Iron Man 3 (2013)
83%
31 $1.13B Spider-Man: Far From Home (2019)
83%
39 $1.07B Toy Story 4 (2019)
83%
9 $1.66B The Lion King (2019)
78%
40 $1.06B Toy Story 3 (2010)
78%
15 $1.38B Barbie (2023)
72%
27 $1.15B Captain America: Civil War (2016)
72%
45 $1.03B Despicable Me 3 (2017)
72%
8 $1.67B Jurassic World (2015)
72%
52 $1.00B The Dark Knight (2008)
72%
14 $1.40B Avengers: Age of Ultron (2015)
67%
53 $1.00B Jurassic World Dominion (2022)
67%
26 $1.15B Minions (2015)
67%
5 $2.07B Star Wars: Episode VII - The Force Awakens (2015)
67%
36 $1.08B The Dark Knight Rises (2012)
67%
38 $1.07B Joker (2019)
61%
34 $1.10B Jurassic Park (1993)
61%
20 $1.31B Jurassic World: Fallen Kingdom (2018)
61%
11 $1.51B Furious 7 (2015)
56%
18 $1.34B Harry Potter and the Deathly Hallows: Part 2 (2011)
56%
23 $1.24B Incredibles 2 (2018)
56%
30 $1.14B Skyfall (2012)
56%
37 $1.07B Star Wars: Episode IX - The Rise of Skywalker (2019)
56%
19 $1.33B Star Wars: Episode VIII - The Last Jedi (2017)
56%
16 $1.35B The Super Mario Bros. Movie (2023)
56%
35 $1.10B Transformers: Age of Extinction (2014)
56%
48 $1.02B Zootopia (2016)
56%
28 $1.14B Aquaman (2018)
50%
12 $1.49B Top Gun: Maverick (2022)
50%
43 $1.05B Aladdin (2019)
44%
41 $1.06B Pirates of the Caribbean: Dead Man's Chest (2006)
44%
24 $1.23B The Fate of the Furious (2017)
44%
29 $1.14B The Lord of the Rings: The Return of the King (2003)
44%
22 $1.26B Beauty and the Beast (2017)
39%
42 $1.05B Rogue One: A Star Wars Story (2016)
39%
33 $1.12B Transformers: Dark of the Moon (2011)
39%
49 $1.02B Alice in Wonderland (2010)
33%
46 $1.02B Finding Dory (2016)
33%
50 $1.02B Harry Potter and the Sorcerer's Stone (2001)
33%
44 $1.04B Pirates of the Caribbean: On Stranger Tides (2011)
33%
47 $1.02B Star Wars: Episode I - The Phantom Menace (2001)
33%
51 $1.01B The Hobbit: An Unexpected Journey (2012)
33%
No matching quizzes found
Score Distribution
Percent of People with Each Score
Percentile by Number Answered
Your Score History
You have not taken this quiz since the last reset